Comentarios a las sentencias de unificación de doctrina (Registro nro. 164837)
[ vista simple ]
| 000 -LEADER | |
|---|---|
| fixed length control field | 02431nam a22002657a 4500 |
| 007 - PHYSICAL DESCRIPTION FIXED FIELD--GENERAL INFORMATION | |
| fixed length control field | cr|||| |||| |
| 008 - FIXED-LENGTH DATA ELEMENTS--GENERAL INFORMATION | |
| fixed length control field | 170309s2016 es |||||s|||| 00||0 spa d |
| 020 ## - INTERNATIONAL STANDARD BOOK NUMBER | |
| International Standard Book Number | 978-84-9085-869-1 |
| 035 ## - | |
| -- | 14798 |
| 040 ## - CATALOGING SOURCE | |
| Original cataloging agency | vLex |
| 090 ## - | |
| -- | 6589 |
| -- | 6589 |
| 100 1# - MAIN ENTRY--PERSONAL NAME | |
| Personal name | Yzquierdo Tolsada, Mariano |
| 245 10 - TITLE STATEMENT | |
| Title | Comentarios a las sentencias de unificación de doctrina |
| Medium | [Recurso electrónico] : |
| Remainder of title | Civil y mercantil. 2013-2014 / |
| Statement of responsibility, etc | Mariano Yzquierdo Tolsada |
| Number of part/section of a work | Volumen 6 |
| 256 ## - | |
| -- | Servicio en línea |
| 260 ## - PUBLICATION, DISTRIBUTION, ETC. (IMPRINT) | |
| Place of publication, distribution, etc | Madrid: |
| Name of publisher, distributor, etc | Dykinson, |
| Date of publication, distribution, etc | 2016 |
| 300 ## - PHYSICAL DESCRIPTION | |
| Extent | 1 recurso electrónico |
| 500 ## - GENERAL NOTE | |
| General note | Igual que ya sucede desde hace años en las restantes Salas del Alto Tribunal, la Sala de lo Civil tomó la iniciativa en el año 2006 gracias al impulso del que era su Presidente, don Juan Antonio Xiol, de unificar por medio de sentencias plenarias la doctrina jurisprudencial en tantos temas polémicos, pues eran muchas las contradicciones que se venían padeciendo en el sistema de nuestro Derecho privado como consecuencia de que se dictaran sentencias muy dispares, y hasta de signo opuesto, para supuestos prácticamente idénticos. Las sentencias del Pleno de la Sala Primera fueron así una iniciativa considerada un verdadero acontecimiento, y ello que justificó que, al no tratarse de algo efímero o coyuntural, diese lugar a que este sello editorial alumbrara toda una nueva colección dedicada al análisis de esas sentencias. Era preciso evitar que el conocimiento de sentencias tan importantes fuera más o menos indirecto o casual, a través de obras generales, de monografías o hasta de revistas dedicadas a comentarios jurisprudenciales que, teniendo algunas una calidad extraordinaria, no lograban ese propósito, al dar cabida las mismas a muchas otras sentencias que no tienen carácter plenario. |
| 506 1# - RESTRICTIONS ON ACCESS NOTE | |
| Terms governing access | Disponible solo en los productos indicados |
| Authorized users | vLex Global |
| -- | vLex Global (Academic Edition, excluding Law Schools) |
| -- | vLex Global (U.S. Academic Edition, Law Schools) |
| -- | vLex Global (U.S. Academic Edition, excluding Law Schools) |
| -- | vLex Global (Academic Edition, Law Schools) |
| 650 04 - SUBJECT ADDED ENTRY--TOPICAL TERM | |
| Topical term or geographic name as entry element | Derecho Civil |
| Geographic subdivision | España |
| 650 04 - SUBJECT ADDED ENTRY--TOPICAL TERM | |
| Topical term or geographic name as entry element | Derecho Mercantil y de la Empresa |
| Geographic subdivision | España |
| 740 0# - | |
| -- | vLex Libros (Servicio en línea) |
| 856 40 - LOCALIZACIÓN Y ACCESO ELECTRÓNICO | |
| Identificador Uniforme del Recurso (URI/URL) | https://app.vlex.com/#/sources/comentarios-a-las-sentencias-de-unificacion-de-doctrina-civil-y-mercantil-volumen-6-2013-2014-14798 |
| 942 ## - | |
| -- | RAA |
| 999 ## - | |
| -- | 164837 |
| -- | 164837 |
No hay ítems disponibles.